|
|
|
|
| LEADER |
01354nam a2200349 a 4500 |
| 001 |
000570381 |
| 003 |
CZ BrMZK |
| 005 |
20061018145921.0 |
| 007 |
ta |
| 008 |
010907s1999 xr f r cze d |
| 015 |
|
|
|a cnb001009704
|
| 020 |
|
|
|a 80-902749-0-0
|
| 035 |
|
|
|a (OCoLC)50346446
|
| 040 |
|
|
|a BOA001
|b cze
|
| 043 |
|
|
|a e-xr---
|b e-xr-kr
|2 czenas
|
| 072 |
|
7 |
|a 061.2
|x Nevládní organizace a kooperace
|2 Konspekt
|9 18
|
| 080 |
|
|
|a 061.2
|2 MRF
|
| 080 |
|
|
|a (437.313)
|2 MRF
|
| 080 |
|
|
|a (058.7)
|2 MRF
|
| 100 |
1 |
|
|a Hloušková, Zuzana,
|d 1974-
|7 mzk2004265349
|4 aut
|
| 245 |
1 |
0 |
|a Adresář nevládních neziskových organizací v regionu Hradec Králové :
|b okresy: Hradec Králové, Jičín, Náchod, Rychnov nad Kněžnou, Trutnov a okolí /
|c [zpracovala: Zuzana Hajžmanová]
|
| 250 |
|
|
|a Vyd. 1.
|
| 260 |
|
|
|a Hradec Králové :
|b Občanské poradenské středisko,
|c 1999
|
| 300 |
|
|
|a 77 s. ;
|c 29 cm
|
| 504 |
|
|
|a Obsahuje rejstříky
|
| 650 |
0 |
7 |
|a neziskové organizace
|7 ph115448
|z Česko
|2 czenas
|
| 650 |
0 |
7 |
|a nevládní instituce a organizace
|7 ph123277
|z Česko
|2 czenas
|
| 655 |
|
7 |
|a adresáře
|7 fd131783
|2 czenas
|
| 651 |
|
7 |
|a Hradec Králové (Česko : oblast)
|7 ge134227
|2 czenas
|
| 910 |
|
|
|a BOA001
|b 4-1089.795
|
| 990 |
|
|
|a BK
|
| 996 |
6 |
|
|b 2610141809
|c 4-1089.795
|l MZK
|r Sklad / do 1 hodiny
|n 0
|p p.v.
|w 000570381
|u 000010
|a 1
|e BOA001
|j MZK50
|s P
|